000 00635nam a22002297a 4500
999 _c381497
_d381497
001 95245
003 UA-OsUOA
005 20200212134445.0
007 ta
008 20130226b un ||||| |||| 00| 0 ukr d
040 _aUA-OsUOA
_brus
_cUA-OsUOA
_dUA-OsUOA
041 _arus
080 _a821.161.1
090 _a821.161.1
_bЗ-20
100 _aЗакруткин В.
245 _aИзбранное в трех томах
_n1
260 _aМ.
_bВоенное издательство
_c1986
300 _a478 с.
650 7 _a82 Література. Літературознавство
_2UDC
942 _cBK
_2udc
955 _a3